LEADER 01103nam a2200265 i 4500 001 000000071993 003 CaOOAMICUS 005 20090205000000.0 008 090205s1960 it u000 u ita u 013 $a43165 040 $aSeMil$bita 100 1 $aDewey, John,$d<1859-1952>.$0(OLS)http://semarc/name/34686 240 10$aExperience and education.$0(OLS)http://semarc/title/115955 245 10$aEsperienza e educazione /$cJohn Dewey ; [trad. di Ernesto Codignola]. 250 $a5. rist. 260 $aFirenze :$bLa Nuova Italia,$c1960. 300 $aXV, 83 p. ;$c21 cm. 490 0 $aEducatori antichi e moderni ;$v66 650 4$aEducazione.$0(OLS)http://semarc/subject/204 700 1 $aCodignola, Ernesto,$d<1885-1965>.$0(OLS)http://semarc/name/3647 830 0$aEducatori antichi e moderni ;$v66.$0(OLS)http://semarc/title/7224 850 $aSeMil 852 $aSeMil$W1$xVenegono$y1$m2P V 229$j38146$B38146$CSeMilBibl$Z2$F38149 $81 996 $6245$aEsperienza e educazione$9(OLS)http://semarc/title/115954 996 $6260$aFirenze :$bLa Nuova Italia$9(OLS)http://semarc/publisher/30055 LEADER 01001nam a2200217 i 4500 001 000000209978 003 CaOOAMICUS 005 20260319113957.0 008 120109s1630 xx u000 u mul u 013 $a188770 026 $ae,i- iml- usi- ei** (3) 1630 (R) 040 $aSeMil$bita 245 10$aPars secunda. 300 $a419, [25] p. 500 $aSegn.: a-2t4 2u2 2x-3k4 773 0 $aIulianus, Flavius Claudius <331-363>$tIoulianou Autokratos ta sozomena. Iuliani imp. Opera, quae quidem reperiri potuerunt, omnia. Ea verò partim antehac edita, partim nunc primuùm è manuscriptis eruta, & ad horum fidem accuratissimè castigata, Graecè, Latinéque prodeunt, cum notis.$dParisiis : Sumptibus Sebastiani Cramoisy, viâ Iacobaeâ, sub Ciconijs, 1630.$g2$w()26080 850 $aSeMil 852 $aSeMil$W1$xVenegono$y1$m1X V 73 FA$j160429$B160429$CSeMilBibl$Z2$F171387 $8I 961 $aOmaggio: Deposito 996 $6245$aPars secunda$9(OLS)http://semarc/title/70478